Central Library OPAC University of Rajshahi

Studies in the quantity theory of money / (Record no. 8443)

MARC details
000 -LEADER
fixed length control field 01060nam a2200277Ia 4500
001 - CONTROL NUMBER
control field 8443
003 - CONTROL NUMBER IDENTIFIER
rucl marc code BD-RjUL
005 - DATE AND TIME OF LATEST TRANSACTION
control field 20211208234605.0
008 - FIXED-LENGTH DATA ELEMENTS--GENERAL INFORMATION
fixed length control field 140118s19581956ilua b 00110 eng d
035 ## - SYSTEM CONTROL NUMBER
System control number (BD-RjUL)8488
040 ## - CATALOGING SOURCE
Original cataloging agency IUL
Transcribing agency IUL
Modifying agency BD-RjUL
Language of cataloging eng
041 ## - LANGUAGE CODE
Language code of text/sound track or separate title eng
082 00 - DEWEY DECIMAL CLASSIFICATION NUMBER
Classification number 332.401
Author mark and year STU 1958
090 ## - LOCALLY ASSIGNED LC-TYPE CALL NUMBER (OCLC); LOCAL CALL NUMBER (OCLC)
Classification number (OCLC) (R) ; Classification number, CALL (RLIN) (NR) HG221
Local cutter number (OCLC) ; Book number/undivided call number, CALL (RLIN) .F561
245 00 - TITLE STATEMENT
Title Studies in the quantity theory of money /
Statement of responsibility, etc. edited by Milton Friedman ; with essays by Milton Friedman ... [et al.]
260 ## - PUBLICATION, DISTRIBUTION, ETC. (IMPRINT)
Place of publication, distribution, etc. Chicago :
Name of publisher, distributor, etc. University of Chicago Press,
Date of publication, distribution, etc. c1956 [Impression 1958].
300 ## - PHYSICAL DESCRIPTION
Pagination v, 265 p. :
Illustrations ill. ;
Size 23 cm.
490 1# - SERIES STATEMENT
Series statement Economics research studies of the Economics Research Center of the University of Chicago.
Series statement A Phoenix book ;
Volume/sequential designation P561.
504 ## - BIBLIOGRAPHY, ETC. NOTE
Bibliography, etc Includes bibliographical references and index.
650 #0 - SUBJECT ADDED ENTRY--TOPICAL TERM
Topical term or geographic name as entry element Quantity theory of money.
9 (RLIN) 10873
Topical term or geographic name as entry element Inflation (Finance)
9 (RLIN) 26286
700 1# - ADDED ENTRY--PERSONAL NAME
Personal name Friedman, Milton,
Fuller form of name 1912-2006.
830 #0 - SERIES ADDED ENTRY--UNIFORM TITLE
Uniform title Economics research studies (University of Chicago. Economics Research Center)
942 ## - ADDED ENTRY ELEMENTS (KOHA)
Source of classification or shelving scheme Dewey Decimal Classification
Koha item type Books
Holdings
Lost status Source of classification or shelving scheme Damaged status Not for loan Collection code Permanent Location Current Location Shelving location Date acquired Source of acquisition Cost, normal purchase price Total Checkouts Full call number Date last seen Copy number Koha item type
  Dewey Decimal Classification     Non-fiction Central Library, University of Rajshahi Central Library, University of Rajshahi   24/01/1963 Zitlinger 35.00   332.401 STU 1956 18/01/2014 C-4 Books
  Dewey Decimal Classification     Non-fiction Central Library, University of Rajshahi Central Library, University of Rajshahi   24/01/1963 Zeitlinger 35.00   332.401 STU 1958 23/02/2014 C-3 Books
  Dewey Decimal Classification     Non-fiction Central Library, University of Rajshahi Central Library, University of Rajshahi   24/01/1963 Zeitlinger 35.00   332.401 STU 1958 25/06/2016 C-2 Books
  Dewey Decimal Classification     Non-fiction Central Library, University of Rajshahi Central Library, University of Rajshahi   24/01/1963 Zeitlinger 35.00   332.401 STU 1958 25/06/2016 C-5 Books